Biblioteca

Teología política : etica política / Jurgen Moltmann ; traducido por Víctor A. Martinez de Lapera (Registro nro. 44569)

Detalles MARC
000 -LÍDER
Campo fijo de descripción fija 010240000a22002290004500
020 ## - NÚMERO INTERNACIONAL NORMALIZADO PARA LIBROS
Número Internacional Normalizado del libro 84-301-1033-X
082 04 - NÚMERO DE CLASIFICACIÓN DECIMAL DEWEY
Número de clasificación G 261.7 M729t
001 - NÚMERO DE CONTROL
Campo de control 18081
100 1# - ASIENTO PRINCIPAL--NOMBRE PERSONAL
Nombre personal Moltmann, Jürgen (1926-)
245 10 - TÍTULO
Título del Material Teología política : etica política / Jurgen Moltmann ; traducido por Víctor A. Martinez de Lapera
260 ## - PUBLICACIÓN, DISTRIBUCIÓN, ETC. (PIE DE IMPRENTA)
Lugar de publicación, distribución, etc. Salamanca, España : Sígueme
300 ## - DESCRIPCIÓN FÍSICA
Extensión 147 p.
336 ## - CONTENT TYPE
Content type term texto
Content type code txt
Source rdacontent
337 ## - MEDIA TYPE
Source rdamedia
Media type term sin mediación
Media type code n
338 ## - CARRIER TYPE
Source rdacarrier
Carrier type term volumen
Carrier type code nc
500 ## - NOTA GENERAL
Nota General Título original: Politische Theologie - Politische Ethik
501 ## - NOTA DE “CON”
Nota de Contenido Rústico
505 00 - NOTA DE CONTENIDO
Nota de contenido con formato preestablecido \I. Crítica teológica de la religión política. religión y cultura en Europa -- El "sueño americano" -- La unidad de la humanidad \II. Ética política -- Teología política -- Fundamentación teológica de los derechos humanos -- Seguimiento de Cristo y armas atómicas
650 14 - ASIENTO SECUNDARIO DE MATERIA - TERMINO TEMÁTICO
Término temático o nombre geográfico como elemento de entrada TEOLOGIA POLITICA \ ETICA POLITICA \ DERECHOS HUMANOS - TEOLOGIA
942 ## - TIPO DE MATERIAL (KOHA)
Tipo de Item KOHA Libros General
Existencias
Estado de Material Estado de Perdido Estado de Dañado No para Préstamo Colección Tomo Biblioteca de Origen Biblioteca Permanente Fecha de Adquisición Total de Préstamos Total de Renovaciones Signatura Topográfica Código de Barras Última vez visto Última vez Préstado Ejemplar/Existencia Fecha de Remplazo Tipo de Material
        Colección General   Biblioteca FUSBC Biblioteca FUSBC 09/12/2013 3 1 G 261.7 M729t 18061 16/10/2021 12/11/2019 1 26/01/2016 Libros General

Biblioteca FUSBC | Teléfono: (57+4) 349 88 10 Ext. 141| WhatsApp (+57) 3005338115 
E-mail: biblioteca@unisbc.edu.co | Calle 76 87-14 Robledo Palenque, Medellín, Colombia

Con tecnología Koha